000 01107nas a2200361 4500
001 BR2017001064
003 BR-BrBNA
005 20231205130913.0
007 ta
008 230509b bl.|||p| |||| 00| 00por d
040 _aBR-BrBNA
_bpor
_cBiblioteca Nacional de Agricultura
041 _a(Pt)
072 _aF01; F04
100 1 _aCarmo, H.F. do
100 1 _aMadari, B.E.
100 1 _aWander, A.E.
100 1 _aMoreira, F.R.B.
100 1 _aGonzaga, A.C. de O.
100 1 _aSilveira, P.M. da
100 1 _aSilva, A.G.
100 1 _aSilva, J.G. da
100 1 _aMachado, P.L.O. de A.
245 1 _aBalanço energético e pegada de carbono nos sistemas de produção integrada e convencional de feijão-comum irrigado
650 _aFEIJÃO
650 _aADUBO MINERAL
650 _aNITROGÊNIO
650 _aPRÁTICA CULTURAL
650 _aIRRIGAÇÃO
650 _aPRODUTIVIDADE
773 0 _tPesquisa Agropecuária Brasileira (Brazil)
_xISSN 0100-204X
_g(Sep 2016), v. 51(9) p. 1069-1077
_wBR2017001064
909 _a202311
_bLúcia
_c55
_dLúcia Elande
942 _2AGRIS
_n0
_cANA
999 _c251949
_d251949